| 000 | 00430nam a2200121Ia 4500 | ||
|---|---|---|---|
| 008 | 220615s9999||||xx |||||||||||||| ||und|| | ||
| 100 | _aSeth Appiah-Opoku | ||
| 245 | 0 | _aInternational Development | |
| 546 | _aEnglish[eng] | ||
| 650 | _aDevelopment Economics||Social Sciences and Humanities||Management and Economics||Economic Growth||Business | ||
| 856 | _uhttps://www.intechopen.com/books/international-development | ||
| 942 | _cEB | ||
| 999 |
_c17438 _d17438 |
||